The microbiology and epidemiology of infection for health science students (Record no. 51095)

MARC details
000 -LEADER
fixed length control field 00656nam a2200181 a 4500
008 - FIXED-LENGTH DATA ELEMENTS--GENERAL INFORMATION
fixed length control field 120416s1995 ||||||||||||||||| || u
020 ## - INTERNATIONAL STANDARD BOOK NUMBER
International Standard Book Number 0412599007
050 ## - LIBRARY OF CONGRESS CALL NUMBER
Classification number QR 201 Mee
100 ## - MAIN ENTRY--PERSONAL NAME
Personal name Worsley, Margaret
245 14 - TITLE STATEMENT
Title The microbiology and epidemiology of infection for health science students
260 ## - PUBLICATION, DISTRIBUTION, ETC.
Place of publication, distribution, etc. London
Name of publisher, distributor, etc. Chapman and Hall
Date of publication, distribution, etc. 1995
300 ## - PHYSICAL DESCRIPTION
Extent xii ; 330p.
350 ## - PRICE (NR) (BK AM CF MU VM SE) [OBSOLETE]
Price 0.00
650 #0 - SUBJECT ADDED ENTRY--TOPICAL TERM
Topical term or geographic name entry element BIOLOGY
650 ## - SUBJECT ADDED ENTRY--TOPICAL TERM
Topical term or geographic name entry element MICROBIOLOGY, EPIDEMOLOGY, HEALTH SCIENCE
700 ## - ADDED ENTRY--PERSONAL NAME
Personal name Meers, Peter
995 ## - RECOMMENDATION 995 [LOCAL, UNIMARC FRANCE]
-- 0.00
-- CBU-MAIN LIBRARY (Kitwe)
-- 1
-- 0.00
-- 1
-- AVAILABLE
-- Main Library Open Access Collection
Holdings
Withdrawn status Lost status Source of classification or shelving scheme Damaged status Not for loan Home library Current library Shelving location Date acquired Total Checkouts Full call number Barcode Date last seen Price effective from Koha item type
          CBU-MAIN LIBRARY, KITWE. CBU-MAIN LIBRARY, KITWE.   11/30/2022   QR 201 Mee 023780 11/30/2022 11/30/2022 MONOGRAPH